Industrial estates in India (Record no. 357401)

000 -LEADER
fixed length control field 00364cam a22001337a 4500
008 - FIXED-LENGTH DATA ELEMENTS--GENERAL INFORMATION
fixed length control field 180718b1963 xxu||||| |||| 00| 0 eng d
082 ## - DEWEY DECIMAL CLASSIFICATION NUMBER
Classification number J9525x54 Al27
100 ## - MAIN ENTRY--PERSONAL NAME
Personal name Alexander, P.C.
245 ## - TITLE STATEMENT
Title Industrial estates in India
Statement of responsibility, etc. by P. C. Alexander
260 ## - PUBLICATION, DISTRIBUTION, ETC.
Place of publication, distribution, etc. Bombay
Name of publisher, distributor, etc. Asia
Date of publication, distribution, etc. 1963
300 ## - PHYSICAL DESCRIPTION
Extent 103p.
650 ## - SUBJECT ADDED ENTRY--TOPICAL TERM
Topical term or geographic name entry element Industries --India
650 ## - SUBJECT ADDED ENTRY--TOPICAL TERM
Topical term or geographic name entry element Industrial districts
Holdings
Withdrawn status Lost status Damaged status Not for loan Permanent Location Current Location Date acquired Full call number Barcode Date last seen Price effective from Koha item type
        Indian Institute of Public Administration Indian Institute of Public Administration 1994-01-13 J9525x54 Al27 32217 2018-07-21 2018-07-21 Book

Powered by Koha